Sưu tầm và thiết lập hệ thống lưu trữ các loài vi khuẩn phân lập trên tôm cá tại khoa Thủy sản - Trường Đại học Cần Thơ : Báo cáo khoa học đề tài cấp trường

Đề tài là công trình nghiên cứu về các loài vi khuẩn phân lập trên tôm cá. Từ đó, đề tài sưu tầm và thiết lập hệ thống lưu trữ nó.

Enregistré dans:
Détails bibliographiques
Format: Livre
Langue:Undetermined
Publié: Cần Thơ Trường Đại học Cần Thơ 2005
Sujets:
Tags: Ajouter un tag
Pas de tags, Soyez le premier à ajouter un tag!
Thư viện lưu trữ: Trung tâm Học liệu Trường Đại học Cần Thơ
LEADER 00961nam a2200193Ia 4500
001 CTU_161123
008 210402s9999 xx 000 0 und d
082 |a 639.96 
082 |b S566 
245 0 |a Sưu tầm và thiết lập hệ thống lưu trữ các loài vi khuẩn phân lập trên tôm cá tại khoa Thủy sản - Trường Đại học Cần Thơ : 
245 0 |b Báo cáo khoa học đề tài cấp trường 
260 |a Cần Thơ 
260 |b Trường Đại học Cần Thơ 
260 |c 2005 
520 |a Đề tài là công trình nghiên cứu về các loài vi khuẩn phân lập trên tôm cá. Từ đó, đề tài sưu tầm và thiết lập hệ thống lưu trữ nó. 
650 |a Fishes,Shrims 
650 |x Diseases and pets,Diseases and pets 
904 |i Giang 
980 |a Trung tâm Học liệu Trường Đại học Cần Thơ